Setkání /
Slova, která se bojíme vyřknout nahlas, mohou v okamžiku poznání změnit všechno. John a Will – dvě srdce, která jsou znovu a znovu svedena na stejnou cestu. Oba se snaží najít rovnováhu mezi tím, kým jsou, a tím, co se od nich očekává. Jak dlouho ale dokážou vzdorovat tomu, co cítí?&nb...
Uloženo v:
| Hlavní autor: | |
|---|---|
| Médium: | E-kniha |
| Jazyk: | Czech |
| Vydáno: |
Praha :
Nakladatelství Solis s.r.o.,
2025
|
| Tagy: |
Žádné tagy |
| LEADER | 01419nam a22002297i 4500 | ||
|---|---|---|---|
| 001 | 312666 | ||
| 007 | ta | ||
| 008 | 260601s2025 xr ||||| |||| 00| 0 cze d | ||
| 020 | |a 9990004177543 | ||
| 044 | |a xr | ||
| 100 | 1 | |a Ears, Petty |4 aut | |
| 245 | 1 | 0 | |a Setkání / |c Ears, Petty |
| 264 | 1 | |a Praha : |b Nakladatelství Solis s.r.o., |c 2025 | |
| 300 | |a 1 online zdroj (305 stran) | ||
| 336 | |a text |b txt |2 rdacontent | ||
| 337 | |a bez média |b n |2 rdamedia | ||
| 338 | |a online zdroj |b cr |2 rdacarrier | ||
| 520 | 2 | |a Slova, která se bojíme vyřknout nahlas, mohou v okamžiku poznání změnit všechno. John a Will – dvě srdce, která jsou znovu a znovu svedena na stejnou cestu. Oba se snaží najít rovnováhu mezi tím, kým jsou, a tím, co se od nich očekává. Jak dlouho ale dokážou vzdorovat tomu, co cítí? Setkání je příběhem o křehkosti lidského srdce, o volbách, které bolí, a o lásce, která neztrácí sílu ani v tichu odloučení. | |
| 910 | |a RBIT002 | ||
| 998 | |d 417754 |a https://core.palmknihy.cz/api/books/417754/cover?sswq2w |b https://core.palmknihy.cz/api/books/417754/cover/400?sswq2w |c https://core.palmknihy.cz/api/books/417754/cover/50?sswq2w |e 2031-12-31 |g 305 |i 9990004177543 |j https://core.palmknihy.cz/api/books/417754/preview.epub |k https://core.palmknihy.cz/api/books/417754/preview.pdf |l |q 49 |r 1 |s https://www.palmknihy.cz/kniha/417754 |t ebook |y 2025 |z 1 | ||
| 999 | |d 312664 | ||